Toutes les villes du Québec - Statistiques

Statistiques générales
  • Ce quiz a été pris 42 fois
  • Le résultat moyen est 68 sur 235
Statistiques - réponses
Réponse % Correct
Montréal
100%
Québec
96%
Drummondville
87%
Laval
87%
Sherbrooke
87%
Trois-Rivières
87%
Gaspé
78%
Gatineau
74%
Saguenay
74%
Val d'Or
74%
Longueuil
70%
Saint-Jean-sur-Richelieu
70%
Granby
65%
Lévis
65%
Rimouski
65%
Sept-Îles
65%
Victoriaville
65%
Brossard
61%
Matane
61%
Repentigny
61%
Saint-Hyacinthe
61%
Bromont
57%
Chibougameau
57%
Amos
52%
Joliette
52%
Rivière-du-Loup
52%
Saint-Jérôme
52%
Shawinigan
52%
Terrebonne
52%
Thetford-Mines
52%
Alma
48%
Blainville
48%
Mont-Tremblant
48%
Rouyn-Noranda
48%
Sainte-Eustache
48%
Saint-Georges
48%
Westmount
48%
Chambly
43%
La Tuque
43%
Magog
43%
Percé
43%
Saint-Lambert
43%
Saint-Tite
43%
Salaberry-de-Valleyfield
43%
Bécancour
39%
Beloeil
39%
Boucherville
39%
Candiac
39%
Cap-Chat
39%
Coaticook
39%
Cowansville
39%
La Prairie
39%
Mascouche
39%
Mont-Laurier
39%
Mont-Royal
39%
Sainte-Catherine
39%
Sainte-Julie
39%
Sainte-Thérèse
39%
Saint-Félicien
39%
Saint-Sauveur
39%
Boisbriand
35%
Charlemagne
35%
Châteauguay
35%
Dollard-Des-Ormeaux
35%
Dorval
35%
Fermont
35%
Lac-Mégantic
35%
Pointe-Claire
35%
Sainte-Marie
35%
Sorel-Tracy
35%
Val-des-Sources
35%
Vaudreuil-Dorion
35%
Waterloo
35%
Amqui
30%
Baie-Comeau
30%
Baie-St-Paul
30%
Beauceville
30%
Disraéli
30%
Dunham
30%
Kirkland
30%
Lachute
30%
La Malbaie
30%
L'Assomption
30%
Mirabel
30%
Montréal-Est
30%
Mont-Saint-Hilaire
30%
Nicolet
30%
Plessisville
30%
Richmond
30%
Roberval
30%
Rosemère
30%
Saint-Bruno-de-Montarville
30%
Saint-Constant
30%
Sainte-Adèle
30%
Sainte-Annne-de-Beaupré
30%
Acton Vale
26%
Beaconsfield
26%
Beauharnois
26%
Bedford
26%
Berthierville
26%
Carignan
26%
Chapais
26%
Deux-Montagnes
26%
Dolbeau-Mistassini
26%
East Angus
26%
Lavaltrie
26%
Louiseville
26%
McMasterville
26%
Saint-Augustin-de-Desmaures
26%
Saint-Césaire
26%
Saint-Colomban
26%
Sainte-Anne-de-Bellevue
26%
Saint-Lazare
26%
Saint-Pie
26%
Stanstead
26%
Sutton
26%
Témiscaming
26%
Trois-Pistoles
26%
Valcourt
26%
Varennes
26%
Warwick
26%
Windsor
26%
Baie-D'Urfé
22%
Bois-des-Filion
22%
Bonaventure
22%
Carleton-sur-Mer
22%
Chandler
22%
Contrecoeur
22%
Côte-Saint-Luc
22%
Daveluyville
22%
Donnacona
22%
Forestville
22%
Hampstead
22%
Huntingdon
22%
Lac-Brome
22%
La Pocatière
22%
Léry
22%
Lorraine
22%
Maniwaki
22%
Marieville
22%
Mercier
22%
Pont-Rouge
22%
Portneuf
22%
Prévost
22%
Princeville
22%
Richelieu
22%
Rigaud
22%
Rivière-Rouge
22%
Saint-Basile
22%
Sainte-Agathe-des-Monts
22%
Saint-Gabriel
22%
Saint-Raymond
22%
Schefferville
22%
Ville-Marie
22%
Beaupré
17%
Clermont
17%
Coteau-du-Lac
17%
Danville
17%
Dégelis
17%
Delson
17%
Estérel
17%
Hudson
17%
Kingsey Falls
17%
L'Ancienne-Lorette
17%
La Sarre
17%
Lebel-surQuévillon
17%
L'Épiphanie
17%
Malartic
17%
Mont-Joli
17%
Montréal-Ouest
17%
Murdochville
17%
Neuville
17%
New Richmond
17%
Normandin
17%
Notre-Dame-de-L'Île-Perrot
17%
Otterburn Park
17%
Paspébiac
17%
Pohénégamook
17%
Port-Cartier
17%
Saint-Amable
17%
Sainte-Marthe-sur-le-Lac
17%
Saint-Rémi
17%
Senneterre
17%
Thurso
17%
Cap-Santé
13%
Causapscal
13%
Château-Richer
13%
Cookshire-Eaton
13%
Fossambault-sur-le-Lac
13%
Gracefield
13%
Lac-Saint-Joseph
13%
Lac-Sergent
13%
L'Île-Dorval
13%
Matagami
13%
Métis-sur-Mer
13%
Montmagny
13%
Pincourt
13%
Saint-Basile-le-Grand
13%
Sainte-Anne-des-Monts
13%
Sainte-Marguerite-du-Lac-Masson
13%
Saint-Lin-Laurentides
13%
Saint-Ours
13%
Scotstown
13%
Waterville
13%
Barkmere
9%
Belleterre
9%
Desbiens
9%
Duparquet
9%
Greenfield Park
9%
L'Île-Cadieux
9%
L'Île-Perrot
9%
Macamic
9%
Métabetchouan-Lac-à-la-Croix
9%
Notre-Dame-des-Prairies
9%
Saint-Charles-Borromée
9%
Saint-Joseph-de-Beauce
9%
Saint-Marc-des-Carrières
9%
Saint-Pamphile
9%
Témiscouata-sur-le-Lac
9%
Brownsburg-Chatham
4%
Grande-Rivière
4%
Ormstown
4%
Saint-Antonin
4%
Sainte-Brigitte-de-Laval
4%
Sainte-Catherine-de-la-Jacques-Cartier
4%
Saint-Honoré
4%
Saint-Zotique
4%
Shannon
4%
Farhnam
0%
Lac-Delage
0%
Lac-des-Aigles
0%
Sainte-Martine
0%
Saintes-Anne-des-Plaines
0%
Saint-Joseph-de-Sorel
0%
Aucun quiz correspondant
Distribution des résultats
% des personnes avec chaque résultat
Percentile par nombre de réponses
Votre historique - résultats
Vous n’avez pas pris ce quiz